| 000 | 00835nam a2200229Ia 4500 | ||
|---|---|---|---|
| 001 | 9975 | ||
| 003 | GE_BSU | ||
| 008 | 181216s||||||||xx |||||||||||||| ||und|| | ||
| 040 | _cGE_BSU | ||
| 080 | _a821.353.1–7+821.353.1-2 | ||
| 100 | _aპატარაია,ვასო | ||
| 245 | _aსატირა და იუმორი | ||
| 245 | _bმოთხრობები,სკეტჩები და პიესები | ||
| 245 | _cრედ.ალ.ადამია | ||
| 260 | _aთბილისი | ||
| 260 | _bლიტერატურა და ხელოვნება | ||
| 260 | _c1964 | ||
| 300 | _a234გვ.20სმ. | ||
| 653 | _aმოთხრობები,სკეტჩები და პიესები | ||
| 653 | _aსატირა და იუმორი | ||
| 942 | _cBK | ||
| 999 |
_c43248 _d43248 |
||